| 000 | 00420nam a2200157Ia 4500 | ||
|---|---|---|---|
| 008 | 230116s9999 xx 000 0 und d | ||
| 020 | _a047110583 | ||
| 041 | _aeng | ||
| 082 | _a720.22 | ||
| 100 |
_aBroadbent G. _9106476 |
||
| 245 | _aDesign In Achitecture : ArchitectureAnd The Human Science. | ||
| 260 |
_bJohn Willy And Sons New York. _c1973 |
||
| 300 | _a504 | ||
| 906 | _b37.0 | ||
| 999 |
_c84064 _d84064 |
||